000 00425cam a22001453 4500
001 FRBNF411204050000004
003 http://catalogue.bnf.fr/ark:/12148/cb411204051
005 20250709121620.0
008 cu123
100 _a20071001d2004 m y0frey50 ba
245 _athe dynamics of employee relation
300 _aBibliogr. p. 377-412
700 _313481942
_oISNI0000000114750919
_aBlyton
_bPaul
_4070
942 _2lcc
_cBK
_n0
999 _c6878
_d6878